| 000 | 00953 a2200313 4500 | ||
|---|---|---|---|
| 999 |
_c200419856 _d19424 |
||
| 001 | 200419856 | ||
| 003 | TR-AnTOB | ||
| 005 | 20250103141627.0 | ||
| 008 | 140701e2003 tu 001 0 | ||
| 020 | _a9757321818 | ||
| 040 |
_aTR-AnTOB _beng _erda _cTR-AnTOB |
||
| 041 | _atur | ||
| 050 | 0 | 0 |
_aPL248.I32 _bM84 2003 |
| 090 |
_aPL248.I32 _bM84 2003 |
||
| 245 | 0 | 0 |
_aMüfîd ü Muhtasar : _bOğlanlar Şeyhi İbrahim / _chazırlayan: Bilal Kemikli. |
| 264 | _a©2003 | ||
| 264 | 1 |
_aİstanbul : _bKitabevi, _c2003 |
|
| 300 |
_a262 pages ; _c25 cm. |
||
| 336 |
_atext _2rdacontent _btxt |
||
| 337 |
_aunmediated _2rdamedia _bn |
||
| 338 |
_avolume _2rdacarrier _bnc |
||
| 490 | 0 |
_aKitabevi ; _v185 |
|
| 504 | _aIncludes bibliographical references and index. | ||
| 600 | 0 | 0 |
_aİbrahim Efendi, _d1589-1654 _999949 |
| 650 | 7 |
_aTasavvuf _2etuturkob _913466 |
|
| 700 | 1 |
_aKemikli, Bilal, _d1965- _9115027 |
|
| 942 |
_cBK _2lcc |
||